00189nam a22000857a 4500082001600000100002700016245002700043260002400070300000900094 a923.2 INS'R aRICHARD, WINSTON CLARE aINSIDE THE THIRD REICH aNEWYORKbAVONc1971 a734P